| 000 | 00448nam a2200169 4500 | ||
|---|---|---|---|
| 001 | 139779 | ||
| 003 | ES-MaACL | ||
| 005 | 20230906195914.0 | ||
| 007 | t| | ||
| 008 | 070214s1930 gw r ||||1| ger d | ||
| 080 | _a01(02) | ||
| 100 | 1 |
_aSchneider, Georg. _9104559 |
|
| 245 | 1 | 0 |
_aHandbuch der bibliographie / _cGeorg Schneider. |
| 260 |
_aLeipzig : _bKarl W. Hiersemann, _c1930. |
||
| 300 |
_aX, 674 p. ; _c24 cm. |
||
| 852 |
_aES-MaACL _jA-449 |
||
| 999 |
_c139779 _d139779 |
||